Piłkarski Quiz #1 - Statystyki

Ogólne statystyki
  • Ten quiz został rozwiązany 286 razy
  • Średni wynik to 10 z 15
Statystyki odpowiedzi
Zagadnienie Odpowiedź % Poprawnych
W którym z wymienionych zespołów nigdy nie grał Zlatan Ibrahimović? Chelsea F.C
100%
Reprezenantem którego kraju jest Bas Dost? Holandia
100%
W którym z wymienionych zespołów nigdy nie grał Javier Hernandez (Chicharito)? Valencia FC
100%
Wychowankiem którego klubu jest Wayne Rooney? Everton
75%
Reprezentantem którego kraju jest Kevin-Prince Boateng? Ghana
75%
Jak nazywa się obecny trener Wolves (Wolverhampton Wanderers)? - sezon 2019/2020 Nuno Espirito Santo
75%
Jak nazywa się stadion PSV Eindhoven? Philips Stadion
75%
Który z wymienionych piłkarzy nigdy nie wygrał Ligi Europy (Europa League)? Toni Kroos
75%
Który z wymienionych angielskich klubów nigdy nie wygrał Premier League? Tottenham Hotspur
75%
Który z wymienionych piłkarzy ma polskie korzenie? Willy Orban
75%
Ile wzrostu ma bramkarz Juventusu Turyn Wojciech Szczęsny? 195 cm
50%
W którym roku Cristiano Ronaldo zaczął profesjonalną karierę w Sportingu Lizbona? 2002
50%
Który z wymienionych piłkarzy nigdy nie grał w Realu Madryt? Kepa Arrizabalaga
25%
Który z wymienionych piłkarzy nigdy nie wygrał Ligi Mistrzów (Champions League)? Lothar Matthaus
25%
Który z wymienionych piłkarzy nigdy nie był królem strzelców Ligi Mistrzów (Champions League)? Ronaldo Nazario
0%
Nie znaleziono quizów pasujących do podanych kryteriów
Rozkład punktacji
Procent ludzi z każdym wynikiem
Percentyl według liczby udzielonych odpowiedzi
Twoja historia wyników
Nie rozwiązałeś tego quizu